书目信息 |
| 题名: |
古代的希腊和罗马
|
|
| 作者: | 吴于廑 著 | |
| 分册: | ||
| 出版信息: | 北京 中国青年出版社 1962 |
|
| 页数: | 170页 | |
| 开本: | 19cm | |
| 丛书名: | ||
| 单 册: | ||
| 中图分类: | K411.2 | |
| 科图分类: | ||
| 主题词: | 古代史-古希腊 , 古代史-古罗马 , 北非--历史 | |
| 电子资源: | ||
| ISBN: | ||
| 000 | 00711nam0 2200277 45 | |
| 001 | 0179007156 | |
| 005 | 20060819173735.28 | |
| 010 | @dCNY0.37 | |
| 091 | @a11009.30 | |
| 100 | @a19950810e19791962em y0chiy0121 ea | |
| 101 | 0 | @achi |
| 102 | @aCN@b110000 | |
| 105 | @ay z 000yy | |
| 200 | 10 | @a古代的希腊和罗马@Agu dai de xi la he luo ma@f吴于廑著 |
| 205 | @a2版 | |
| 210 | @a北京@c中国青年出版社@d1962@h1979重印 | |
| 215 | @a170页@d19cm | |
| 606 | @a古代史-古希腊 | |
| 606 | @a古代史-古罗马 | |
| 606 | 0 | @a北非@x历史 |
| 607 | @a古希腊@x古代史 | |
| 607 | @a古罗马@x古代史 | |
| 690 | @aK411.2 | |
| 701 | 0 | @a吴于廑@Awu yu jin@4著 |
| 801 | 0 | @aCN@bNLC@c20060819 |
| 905 | @f1@b26920@dK411.2@e5=2 | |
| 古代的希腊和罗马/吴于廑著.-2版.-北京:中国青年出版社,1962(1979重印) |
| 170页;19cm |
| ISBN :CNY0.37 |
| ● |
| 相关链接 |
|
|
|
|
正题名:古代的希腊和罗马
索取号:K411.2/5=2
 
预约/预借
| 序号 | 登录号 | 条形码 | 馆藏地/架位号 | 状态 | 备注 |
| 1 | 0026920 | 000564794 | 第二借阅区/ [索取号:K411.2/5=2] | 在馆 | |
| 2 | 0466526 | 204665264 | 密集书库/ [索取号:K411.2/5=2] | 在馆 | |
| 3 | 0467027 | 204670276 | 密集书库/ [索取号:K411.2/5=2] | 在馆 |